Economic impact of sitophilus oryzae on grain storage in cambodia ឥទ្ធិពលសេដ្ឋកិច្ចរបស់ខ្មូត​sitophilus oryzae ទៅលើការស្តុកគ្រាប់ធញ្ញជាតិក្នុងលក្ខខ័ណ្ឌនៃប្រទេសកម្ពុជា (Record no. 333)

000 -LEADER
fixed length control field 00691nam a22001577a 4500
003 - CONTROL NUMBER IDENTIFIER
control field OSt
005 - DATE AND TIME OF LATEST TRANSACTION
control field 20150912163617.0
008 - FIXED-LENGTH DATA ELEMENTS--GENERAL INFORMATION
fixed length control field 150912b xxu||||| |||| 00| 0 eng d
040 ## - CATALOGING SOURCE
Transcribing agency RUA
082 ## - DEWEY DECIMAL CLASSIFICATION NUMBER
Classification number AGR MAK 1997 B019 Or.1
100 ## - MAIN ENTRY--PERSONAL NAME
9 (RLIN) 351
Personal name MAK, SOVANNAPHEAP
245 ## - TITLE STATEMENT
Title Economic impact of sitophilus oryzae on grain storage in cambodia ឥទ្ធិពលសេដ្ឋកិច្ចរបស់ខ្មូត​sitophilus oryzae ទៅលើការស្តុកគ្រាប់ធញ្ញជាតិក្នុងលក្ខខ័ណ្ឌនៃប្រទេសកម្ពុជា
260 ## - PUBLICATION, DISTRIBUTION, ETC. (IMPRINT)
Place of publication, distribution, etc. Phnom Penh
Name of publisher, distributor, etc. RUA
Date of publication, distribution, etc. 1997
300 ## - PHYSICAL DESCRIPTION
Extent 98p.
Other physical details ill.
Dimensions 29cm.
942 ## - ADDED ENTRY ELEMENTS (KOHA)
Source of classification or shelving scheme
Koha item type AGR
Holdings
Price effective from Date last seen Permanent Location Not for loan Date acquired Source of classification or shelving scheme Koha item type Lost status Withdrawn status Date last checked out Total Checkouts Shelving location Damaged status Barcode Current Location Full call number
2015-09-122015-09-12Library Block B 2015-09-12 AGR    B018 RUA003117Library Block BAGR MAK 1997 B019 Or.1
2015-09-122015-09-12Library Block B 2015-09-12 AGR    B018 RUA003045Library Block BAGR MAK 1997 B019 Or.2
2015-09-122016-07-12Library Block B 2015-09-12 AGR  2016-07-051B018 RUA003026Library Block BAGR MAK 1997 B019 Or.3
2015-09-122015-09-12Library Block B 2015-09-12 AGR    B018 RUA003025Library Block BAGR MAK 1997 B019 Or.4
2015-09-122015-09-12Library Block B 2015-09-12 AGR    B018 RUA003241Library Block BAGR MAK 1997 B019 Or.5
2015-09-122016-07-19Library Block B 2015-09-12 AGR  2016-07-111B018 RUA003169Library Block BAGR MAK 1997 B019 Or.6
2015-09-122015-09-12Library Block B 2015-09-12 AGR    B018 RUA003089Library Block BAGR MAK 1997 B019 Or.7
2015-09-122015-09-12Library Block B 2015-09-12 AGR    B018 RUA003542Library Block BAGR MAK 1997 B019 Or.8
2015-09-122015-09-12Library Block B 2015-09-12 AGR    B018 RUA003470Library Block BAGR MAK 1997 B019 Or.9
2015-09-122015-09-12Library Block B 2015-09-12 AGR      RUA003849Library Block BAGR MAK 1997 B019 Or.10
មជ្ឈមណ្ឌលឯការនៃសាកលវិទ្យាល័យភូមិន្ទកសិកម្មចំការដូង

Powered by Koha